Statistieken voor Irak Trivia Quiz

Klik hier om de quiz te nemen!

Algemene statistieken

  • Deze quiz is 79 keer genomen
  • De gemiddelde score is 13 van 21

Antwoordstatistieken

HintAntwoord% Correct
HoofdstadBagdad
100%
Irak vocht een bloederige oorlog tegen dit land tussen 1980-88Iran
100%
Kalifaat dat in 2020 is verslagenISIS
89%
Officiële talenArabisch
87%
Twee belangrijke rivierenTigris
83%
Golf dat aan Irak grenst{Perzische} Golf
74%
Twee belangrijke rivierenEufraat
67%
Land dat Irak binnenviel in 1990Koeweit
65%
Dictator van Irak, 1979-2003Saddam Hoessein
59%
Oude naam voor het land tussen deze twee rivierenMesopotamië
59%
Officiële talenKoerdisch
56%
Oude hoofdstad waar de Ziggoerat stondBabylon
54%
Deze legendarische zeeman van de zeven zeeën leefde in IrakSinbad
54%
Deze twee woorden, met de betekenis "God is Groot" staan op de vlagAllahu Akbar
48%
Meest bevolkte stad in zuid-IrakBasra
44%
Politieke partij van de bovenstaandeBa'ath
44%
Deze indringers plunderden de hoofdstad in 1258 en beëindigden daarmee de islamitische gouden eeuwDe Mongolen
44%
Valuta van IrakDinar
41%
Deze Bijbelse profeet is gebore in de stad UrAbraham
30%
Voormalige Amerikaanse gevangenis waarin de gevangen misbruik ondergingenAbu Ghraib
28%
Koning van de stad hierboven; zijn wetboek vroeg voor "een oog voor een oog"Hammurabi
26%

Scoreverdeling

Percentiel versus Aantal Correcte Antwoorden

Procent van Mensen met Elke Score

Uw Scoregeschiedenis

U heeft deze quiz nog niet genomen